| 000 | 00866nam a2200253Ia 4500 | ||
|---|---|---|---|
| 003 | OSt | ||
| 005 | 20220923214157.0 | ||
| 006 | a|||||r|||| 00| 0 | ||
| 007 | ta | ||
| 008 | 220922b |||||||| |||| 00| 0 hin d | ||
| 024 | _a167,688 | ||
| 037 | _cTextual | ||
| 040 |
_aARTS _cARTS _bhin |
||
| 041 |
_2hin _ahin |
||
| 082 | _aO152,1K73:9(P), L5 | ||
| 100 | _aबुद्धिराजा, राज | ||
| 245 | 0 | _aदेव के काव्य में अभिव्यक्ति विधान | |
| 246 | _aDev ke kāvya mean abhivyakti vidhāna | ||
| 260 |
_aदिल्ली _b तेज प्रका0 _c1975 |
||
| 300 |
_a296पृ. _ccm. |
||
| 650 |
_aहिन्दी साहित्य _9156264 |
||
| 942 |
_hO152,1K73:9(P), L5 _cTEXL _2CC |
||
| 999 |
_c322158 _d322158 |
||